000 00431nam a2200121Ia 4500
008 220615s9999||||xx |||||||||||||| ||und||
245 0 _aMolecular Approaches to Genetic Diversity
546 _aEnglish[eng]
650 _aGenetics (non-medical)
700 _aCaliskan, Mahmut||Cevahir Oz, Guul||Halil Kavakli, I.||Ozcan, Birguul
856 _uhttps://mts.intechopen.com/storage/books/4534/authors_book/authors_book.pdf
942 _cEB
999 _c14006
_d14006